Étude sur les altérations des couleurs dans la peinture artistique / (Record no. 89444)

MARC details
000 -LEADER
campo de control de longitud fija 00429nam a2200145 i 4500
001 - NÚMERO DE CONTROL
campo de control 89444
003 - IDENTIFICADOR DE NÚMERO DE CONTROL
campo de control ES-MaACL
005 - FECHA Y HORA DE LA ÚLTIMA TRANSACCIÓN
campo de control 20230906180157.0
007 - CAMPO FIJO DE DESCRIPCIÓN FÍSICA--INFORMACIÓN GENERAL
campo de control de longitud fija t|
008 - DATOS DE LONGITUD FIJA--INFORMACIÓN GENERAL
campo de control de longitud fija 050110s1901 fr ||||1| fre d
100 1# - ENTRADA PRINCIPAL--NOMBRE DE PERSONA
Nombre de persona Lapparent, Paul de.
9 (RLIN) 70180
245 10 - MENCIÓN DEL TÍTULO
Título Étude sur les altérations des couleurs dans la peinture artistique /
Mención de responsabilidad, etc. Paul de Lapparent.
260 ## - PUBLICACIÓN, DISTRIBUCIÓN, ETC.
Lugar de publicación, distribución, etc. París :
Nombre del editor, distribuidor, etc. Henri Laurens,
Fecha de publicación, distribución, etc. [1901]
852 ## - LOCALIZACIÓN
Ubicación ES-MaACL
Número de control de estantería T-1363-F-1
Holdings
Estatus retirado Estado de pérdida Estado de daño No para préstamo Colección Biblioteca de origen Biblioteca actual Ubicación en estantería Fecha de adquisición Fuente de adquisición Total de préstamos Signatura topográfica completa Código de barras Visto por última vez Precio de reemplazo Tipo de ítem Koha
        Colección de folletos Biblioteca del Ateneo de Madrid Biblioteca del Ateneo de Madrid Depósito folletos 17/01/2008     T-1363-F-1 1093413 23/02/2023 23/02/2023 Folleto